| 000 | 00953cam a22002895i 4500 | ||
|---|---|---|---|
| 003 | EG-ScBUE | ||
| 005 | 20230208051718.0 | ||
| 008 | 090818s2023 ua f 0000 f ara d | ||
| 017 | _a2022 / 27710 | ||
| 020 | _a9789770938102 | ||
| 040 |
_aEG-ScBUE _bara _erda _cEG-ScBUE _dEG-ScBUE |
||
| 082 | 0 | 4 |
_a892.736 _bع ب د _222 |
| 100 | 1 |
_aعبد المجيد، إبراهيم، _d1946- _eمؤلف. |
|
| 245 | 1 | 0 |
_aحامل الصحف القديمة / _bإبراهيم عبد المجيد. |
| 250 | _aالطبعة الأولى. | ||
| 264 | 1 |
_aالقاهرة : _bدار الشروق، _c2023. |
|
| 300 |
_a294 صفحة ؛ _c20 سم |
||
| 336 |
_aنص _btxt _2rdacontent |
||
| 337 |
_aبدون وسيط _bn _2rdamedia |
||
| 338 |
_aمجلد _bnc _2rdacarrier |
||
| 541 | _aBook Fair 2023. | ||
| 650 | 7 |
_aالقصص العربية _yقرن 20. _2BUEsh |
|
| 651 | _2BUEsh | ||
| 653 |
_bARALIT _cFebruary2023 |
||
| 655 | _vReading book | ||
| 942 |
_2ddc _cBB |
||
| 999 |
_c30115 _d30086 |
||